004220000a22001210004500090001700000245007100017041001400088700003800102100003000140942001300170773010000183999001700283 aASbSeriadas10aPteridófitos de Colombia IV.snovedades en Cyathea (Cyatheaceae)0 aEspañol1 aMurillo P., María Teresa9997911 aMurillo A., José916111 cARTICULO1 tRevista de Academia Colombiana de Ciencias Exactas, Físicas y Naturalesh102q45-51d2003g27 c15523d15523